Statistiques concernant Villes les plus peuplées du monde - 2100

Cliquez ici pour prendre le quiz!

Statistiques générales

  • Ce quiz a été pris 81 fois
  • Le résultat moyen est 11 sur 30

Statistiques - réponses

ContinentPopulationVille% Correct
Asie25.6 mTokyo
92%
Afrique40.5 mLe Caire
84%
Amérique du Nord30.2 mNew York
82%
Afrique88.3 mLagos
77%
Afrique83.5 mKinshasa
75%
Asie57.3 mDelhi
73%
Asie54.2 mDacca
70%
Asie67.2 mMumbai
70%
Asie52.4 mCalcutta
45%
Afrique46.7 mNairobi
44%
Afrique35.8 mAddis Abeba
42%
Afrique56.7 mKhartoum
40%
Afrique73.7 mDar Es Salaam
38%
Asie40.0 mManille
37%
Asie49.1 mKarachi
33%
Asie24.8 mBangalore
25%
Afrique40.2 mKampala
25%
Afrique28.3 mKano
25%
Afrique56.1 mNiamey
25%
Asie27.0 mLahore
23%
Asie34.1 mBagdad
21%
Asie25.8 mChennai
21%
Afrique36.4 mMogadiscio
15%
Afrique28.8 mN'Djamena
14%
Asie50.3 mKaboul
12%
Afrique23.7 mIbadan
11%
Afrique41.4 mLilongwe
8%
Afrique37.7 mLusaka
7%
Asie27.2 mSana'a
4%
Afrique40.9 mBlantyre
3%

Distribution des résultats

Percentile par nombre de réponses

% des personnes avec chaque résultat

Votre développement - résultats

Vous n’avez pas pris ce quiz